| 000 | 01795nam a2200505 i 4500 | ||
|---|---|---|---|
| 001 | 1066 | ||
| 003 | KOSZ 005 | ||
| 005 | 20200422141655.0 | ||
| 008 | 990506s1984 pl a |000 0 pol | ||
| 015 | _aUWD 1984/8622 | ||
| 020 | _a8320406005 | ||
| 035 | _a991009555709705066 | ||
| 035 | _a(PL-WaBN)b12585129-48omnis_nlop | ||
| 035 | _ab12585129 | ||
| 035 | _a(OCoLC)750026734 | ||
| 035 | _a(PL)b0000001258512 | ||
| 035 | _a(EXLNZ-48OMNIS_NETWORK)9910086525105606 | ||
| 040 |
_aWA N _cWA N _dKOSZ 005/AR |
||
| 041 | 0 | _apol | |
| 044 | _apl | ||
| 046 | _k1984 | ||
| 080 | _a621.56/.59 | ||
| 100 | 1 |
_aWesołowski, Andrzej _c (chłodnictwo) _eAutor |
|
| 245 | 1 | 0 |
_aAutomatyzacja urządzeń chłodniczych / _cAndrzej Wesołowski, Feliks Dworski. |
| 250 | _aWydanie I. | ||
| 260 |
_aWarszawa : _bWydawnictwa Naukowo-Techniczne, _c1984. |
||
| 300 |
_a279, [1] strona : _bilustracje, errata ; _c24 cm. |
||
| 336 |
_aTekst _btxt _2rdacontent |
||
| 337 |
_aBez urządzenia pośredniczącego _bn _2rdamedia |
||
| 338 |
_aWolumin _bnc _2rdacarrier |
||
| 380 | _aKsiążki | ||
| 388 | _a1901-2000 | ||
| 388 | _a1945-1989 | ||
| 504 | _aBibliografia na stronach 276-[280]. | ||
| 521 | _aDla techników oraz inżynierów zajmujących się projektowaniem oraz obsługą instalacji i urządzeń chłodniczych, przede wszystkim przemysłowych. | ||
| 650 | 7 |
_aChłodnictwo _2DBN |
|
| 650 | 7 |
_aUrządzenia chłodnicze _2DBN |
|
| 650 | 7 | _aAutomatyzacja | |
| 658 | _aInżynieria i technika | ||
| 700 | 1 |
_aDworski, Feliks _eAutor |
|
| 710 | 2 |
_aWydawnictwa Naukowo-Techniczne _4pbl |
|
| 856 |
_uhttp://koha.tu.koszalin.pl/cgi-bin/koha/opac-detail.pl?biblionumber=1066 _yKatalog online BPK |
||
| 942 |
_2UKD _cKS |
||
| 999 |
_c1066 _d1066 |
||